000 01365cad a22002295a 4500
001 L145311
008 110419s20080925xxkado f s f000 0 eng d
035 _a(Sirsi) u145311
041 0 _aeng
050 0 4 _a614.76 $2 18
110 2 _aUnited Kingdom
_bAudit Commission
_93863
245 0 0 _aWell disposed
_bresponding to the waste challenge
_h[electronic resource]
260 _aLondon
_bAudit Commission
_c2008
505 2 _aQuestions for councillors to ask -- Recommendations -- National problem, local solutions -- National framework, local responses -- National policies, local pressures -- Local ahievement, national success -- Local risks, local solutions -- Local challenge, local leadership -- Conclusion -- References -- Appendices
520 _aReport looks at how English councils are responding to the challenges faced disposing of increasing amounts of waste. It reviews progress against targets and objectives and seeks to assess the quality of strategic planning and local decisions.
521 _aAdvanced
590 _aKA
651 4 _aUnited Kingdom
_y
690 _aENVIRONMENTAL AND LAND CONSULTANCY-WASTE MANAGEMENT
856 4 0 _uhttps://www.audit-commission.gov.uk/SiteCollectionDocuments/AuditCommissionReports/NationalStudies/WellDisposed25Sep08REP.pdf
_zView the item free of charge online at www.audit-commission.gov.uk
942 _n0
999 _c108752
_d108752